Wszystkie reprezentacje, które zagrały w Copa America - Statystyki

Ogólne statystyki
  • Ten quiz został rozwiązany 113 razy
  • Średni wynik to 16 z 19
Statystyki odpowiedzi
Reprezentacja Liczba występów % Poprawnych
Argentyna 43
100%
Brazylia 37
98%
Urugwaj 45
97%
Chile 40
96%
USA 4
96%
Peru 33
94%
Meksyk 10
93%
Kolumbia 23
92%
Wenezuela 19
92%
Ekwador 29
91%
Paragwaj 38
88%
Boliwia 28
87%
Panama 1
81%
Kostaryka 5
78%
Jamajka 2
76%
Honduras 1
65%
Haiti 1
56%
Japonia 2
48%
Katar 1
43%
Nie znaleziono quizów pasujących do podanych kryteriów
Rozkład punktacji
Procent ludzi z każdym wynikiem
Percentyl według liczby udzielonych odpowiedzi
Twoja historia wyników
Nie rozwiązałeś tego quizu